000
00276nam a22001217a 4500
082
_a
894.812
_b
NKM/B
100
_a
MRS.N.K.M
245
_a
BAKSHANAM AAROGYATHINU
260
_a
KOZHIKODE
_b
ASHRAFI BOOK CENTRE
_c
2001
300
_a
95
650
_a
FOOD FOR LIFE
_z
KERALA
942
_c
BK
999
_c
980
_d
980